<?xml version="1.0" encoding="UTF-8"?>
<record
    xmlns:xsi="http://www.w3.org/2001/XMLSchema-instance"
    xsi:schemaLocation="http://www.loc.gov/MARC21/slim http://www.loc.gov/standards/marcxml/schema/MARC21slim.xsd"
    xmlns="http://www.loc.gov/MARC21/slim">

  <leader>00630nam a22001337a 4500</leader>
  <datafield tag="040" ind1=" " ind2=" ">
    <subfield code="c">RUA</subfield>
  </datafield>
  <datafield tag="082" ind1=" " ind2=" ">
    <subfield code="a">AGI PAN 2015 B512 Or.1</subfield>
  </datafield>
  <datafield tag="100" ind1=" " ind2=" ">
    <subfield code="a">PAN SOPHEA;&#x200B; &#x1794;&#x17C9;&#x17B6;&#x1793; &#x179F;&#x17BB;&#x1797;&#x17B6;</subfield>
  </datafield>
  <datafield tag="245" ind1=" " ind2=" ">
    <subfield code="a">Method of harvesting keoromeat mango in chhba ampov district, phnompenh. &#x179C;&#x17B7;&#x1792;&#x17B8;&#x179F;&#x17B6;&#x179F;&#x17D2;&#x179A;&#x17D2;&#x178F;&#x1794;&#x17D2;&#x179A;&#x1798;&#x17BC;&#x179B;&#x1795;&#x179B;&#x1791;&#x17C5;&#x179B;&#x17BE;&#x1795;&#x17D2;&#x179B;&#x17C2;&#x179F;&#x17D2;&#x179C;&#x17B6;&#x1799;&#x1780;&#x17C2;&#x179C;&#x179A;&#x1798;&#x17C0;&#x178F;&#x1793;&#x17C5;&#x179F;&#x1784;&#x17D2;&#x1780;&#x17B6;&#x178F;&#x17CB;&#x1796;&#x17D2;&#x179A;&#x17C2;&#x1780;&#x1790;&#x17D2;&#x1798;&#x17B8; &#x1781;&#x178E;&#x17D2;&#x178C;&#x1785;&#x17D2;&#x1794;&#x17B6;&#x179A;&#x17A2;&#x17C6;&#x1796;&#x17C5; &#x179A;&#x17B6;&#x1787;&#x1792;&#x17B6;&#x1793;&#x17B8;&#x1797;&#x17D2;&#x1793;&#x17C6;&#x1796;&#x17C1;&#x1789;</subfield>
  </datafield>
  <datafield tag="260" ind1=" " ind2=" ">
    <subfield code="a">RUA</subfield>
    <subfield code="b">PAN</subfield>
    <subfield code="c">2015</subfield>
  </datafield>
  <datafield tag="300" ind1=" " ind2=" ">
    <subfield code="a">vii,31p.</subfield>
    <subfield code="b">ill.</subfield>
    <subfield code="c">29cm.</subfield>
  </datafield>
  <datafield tag="856" ind1=" " ind2=" ">
    <subfield code="u"> PAN SOPHEA</subfield>
  </datafield>
  <datafield tag="942" ind1=" " ind2=" ">
    <subfield code="c">AGI</subfield>
  </datafield>
  <datafield tag="999" ind1=" " ind2=" ">
    <subfield code="c">8999</subfield>
    <subfield code="d">8999</subfield>
  </datafield>
  <datafield tag="952" ind1=" " ind2=" ">
    <subfield code="0">0</subfield>
    <subfield code="1">0</subfield>
    <subfield code="2">ddc</subfield>
    <subfield code="4">0</subfield>
    <subfield code="6">AGI_PAN_2015_000000000000000_B512_OR_1</subfield>
    <subfield code="7">0</subfield>
    <subfield code="9">50457</subfield>
    <subfield code="a">LBB</subfield>
    <subfield code="b">LBB</subfield>
    <subfield code="c">B512</subfield>
    <subfield code="d">2016-08-22</subfield>
    <subfield code="o">AGI PAN 2015 B512 Or.1</subfield>
    <subfield code="p">RUA060839</subfield>
    <subfield code="r">2016-08-22</subfield>
    <subfield code="w">2016-08-22</subfield>
    <subfield code="y">AGI</subfield>
  </datafield>
  <datafield tag="952" ind1=" " ind2=" ">
    <subfield code="0">0</subfield>
    <subfield code="1">0</subfield>
    <subfield code="2">ddc</subfield>
    <subfield code="4">0</subfield>
    <subfield code="6">AGI_PAN_2015_000000000000000_B512_OR_2</subfield>
    <subfield code="7">0</subfield>
    <subfield code="9">50458</subfield>
    <subfield code="a">LBB</subfield>
    <subfield code="b">LBB</subfield>
    <subfield code="c">B512</subfield>
    <subfield code="d">2016-08-22</subfield>
    <subfield code="o">AGI PAN 2015 B512 Or.2</subfield>
    <subfield code="p">RUA061251</subfield>
    <subfield code="r">2016-08-22</subfield>
    <subfield code="w">2016-08-22</subfield>
    <subfield code="y">AGI</subfield>
  </datafield>
  <datafield tag="952" ind1=" " ind2=" ">
    <subfield code="0">0</subfield>
    <subfield code="1">0</subfield>
    <subfield code="2">ddc</subfield>
    <subfield code="4">0</subfield>
    <subfield code="6">AGI_PAN_2015_000000000000000_B512_OR_3</subfield>
    <subfield code="7">0</subfield>
    <subfield code="9">50459</subfield>
    <subfield code="a">LBB</subfield>
    <subfield code="b">LBB</subfield>
    <subfield code="c">B512</subfield>
    <subfield code="d">2016-08-22</subfield>
    <subfield code="o">AGI PAN 2015 B512 Or.3</subfield>
    <subfield code="p">RUA061246</subfield>
    <subfield code="r">2016-08-22</subfield>
    <subfield code="w">2016-08-22</subfield>
    <subfield code="y">AGI</subfield>
  </datafield>
  <datafield tag="952" ind1=" " ind2=" ">
    <subfield code="0">0</subfield>
    <subfield code="1">0</subfield>
    <subfield code="2">ddc</subfield>
    <subfield code="4">0</subfield>
    <subfield code="6">AGI_PAN_2015_000000000000000_B512_OR_4</subfield>
    <subfield code="7">0</subfield>
    <subfield code="9">50460</subfield>
    <subfield code="a">LBB</subfield>
    <subfield code="b">LBB</subfield>
    <subfield code="c">B512</subfield>
    <subfield code="d">2016-08-22</subfield>
    <subfield code="o">AGI PAN 2015 B512 Or.4</subfield>
    <subfield code="p">RUA061187</subfield>
    <subfield code="r">2016-08-22</subfield>
    <subfield code="w">2016-08-22</subfield>
    <subfield code="y">AGI</subfield>
  </datafield>
  <datafield tag="952" ind1=" " ind2=" ">
    <subfield code="0">0</subfield>
    <subfield code="1">0</subfield>
    <subfield code="2">ddc</subfield>
    <subfield code="4">0</subfield>
    <subfield code="6">AGI_PAN_2015_000000000000000_B512_OR_5</subfield>
    <subfield code="7">0</subfield>
    <subfield code="9">50461</subfield>
    <subfield code="a">LBB</subfield>
    <subfield code="b">LBB</subfield>
    <subfield code="c">B512</subfield>
    <subfield code="d">2016-08-22</subfield>
    <subfield code="l">1</subfield>
    <subfield code="o">AGI PAN 2015 B512 Or.5</subfield>
    <subfield code="p">RUA060109</subfield>
    <subfield code="r">2018-11-06</subfield>
    <subfield code="s">2018-10-26</subfield>
    <subfield code="w">2016-08-22</subfield>
    <subfield code="y">AGI</subfield>
  </datafield>
  <datafield tag="952" ind1=" " ind2=" ">
    <subfield code="0">0</subfield>
    <subfield code="1">0</subfield>
    <subfield code="2">ddc</subfield>
    <subfield code="4">0</subfield>
    <subfield code="6">AGI_PAN_2015_000000000000000_B512_OR_6</subfield>
    <subfield code="7">0</subfield>
    <subfield code="9">50462</subfield>
    <subfield code="a">LBB</subfield>
    <subfield code="b">LBB</subfield>
    <subfield code="c">B512</subfield>
    <subfield code="d">2016-08-22</subfield>
    <subfield code="o">AGI PAN 2015 B512 Or.6</subfield>
    <subfield code="p">RUA060949</subfield>
    <subfield code="r">2016-08-22</subfield>
    <subfield code="w">2016-08-22</subfield>
    <subfield code="y">AGI</subfield>
  </datafield>
  <datafield tag="952" ind1=" " ind2=" ">
    <subfield code="0">0</subfield>
    <subfield code="1">0</subfield>
    <subfield code="2">ddc</subfield>
    <subfield code="4">0</subfield>
    <subfield code="6">AGI_PAN_2015_000000000000000_B512_OR_7</subfield>
    <subfield code="7">0</subfield>
    <subfield code="9">50463</subfield>
    <subfield code="a">LBB</subfield>
    <subfield code="b">LBB</subfield>
    <subfield code="c">B512</subfield>
    <subfield code="d">2016-08-22</subfield>
    <subfield code="o">AGI PAN 2015 B512 Or.7</subfield>
    <subfield code="p">RUA060700</subfield>
    <subfield code="r">2016-08-22</subfield>
    <subfield code="w">2016-08-22</subfield>
    <subfield code="y">AGI</subfield>
  </datafield>
  <datafield tag="952" ind1=" " ind2=" ">
    <subfield code="0">0</subfield>
    <subfield code="1">0</subfield>
    <subfield code="2">ddc</subfield>
    <subfield code="4">0</subfield>
    <subfield code="6">AGI_PAN_2015_000000000000000_B512_OR_8</subfield>
    <subfield code="7">0</subfield>
    <subfield code="9">50464</subfield>
    <subfield code="a">LBB</subfield>
    <subfield code="b">LBB</subfield>
    <subfield code="c">B512</subfield>
    <subfield code="d">2016-08-22</subfield>
    <subfield code="o">AGI PAN 2015 B512 Or.8</subfield>
    <subfield code="p">RUA061002</subfield>
    <subfield code="r">2016-08-22</subfield>
    <subfield code="w">2016-08-22</subfield>
    <subfield code="y">AGI</subfield>
  </datafield>
</record>
